Exhibiting cultures : the poetics and politics of museum display
Αποθηκεύτηκε σε:
| Άλλοι συγγραφείς: | , |
|---|---|
| Μορφή: | Βιβλίο |
| Γλώσσα: | English |
| Δημοσίευση: |
Washington :
Smithsonian Institution,
c1991.
|
| Θέματα: | |
| Ετικέτες: |
Προσθήκη ετικέτας
Δεν υπάρχουν, Καταχωρήστε ετικέτα πρώτοι!
|
MARC
| LEADER | 00000nam a2200000 a 4500 | ||
|---|---|---|---|
| 001 | 1/127542 | ||
| 008 | 231020s1991####wau| ||| |||| ||eng|| | ||
| 020 | |a 1560980214 | ||
| 040 | |a GR-MyUa |b gre |c GR-MyUa |e AACR2 | ||
| 041 | 0 | |a eng | |
| 082 | 7 | |a 069.5 |2 (23) | |
| 245 | 0 | 0 | |a Exhibiting cultures : |b the poetics and politics of museum display / |c edited by Ivan Karp, Steven D. Lavine. |
| 260 | |a Washington : |b Smithsonian Institution, |c c1991. | ||
| 300 | |a 468 σ. : |b εικ. ; |c 23 εκ. | ||
| 504 | |a Περιλαμβάνει βιβλιογραφικές παραπομπές και ευρετήριο. | ||
| 650 | 0 | |a Museum exhibits |x Evaluation. | |
| 650 | 0 | |a Museums |x Public relations. | |
| 650 | 0 | |a Museums |x Educational aspects. | |
| 700 | 1 | |a Karp, Ivan, |e edt | |
| 700 | 1 | |a Lavine, Steven, |d 1947- |e edt | |
| 852 | |a INST |b LESVOS |e 20231020 |h 069.5 EXH |p 005100065810 |q 005100065810 |t BK |y 0 | ||
| 970 | |a Καμάτσου |b Δέσποινα |z 20-10-2023 | ||